LEADER 01124nam a2200229 i 4500 001 991001390119707536 008 110920e1989 de 000 0 mul 020 $a3598212356 035 $ab14006868-39ule_inst 040 $aDip.to Studi Storici$bita 110 2 $aConseil international des archives $0324225 245 10$aProceedings of the 11th International Congres on Archives : Paris, 22-26 august 1988 =$bActes du 11e Congres International des Archives /$cInternational Council on Archives = Conseil International des Archives 246 11$aActes du 11. Congres international des Archives : Paris, 22-26 Aout 1988 / Conseil international des Archives 260 $aMunchen [etc.] :$bSaur,$c1989 300 $a284 p. ;$c24 cm. 440 0$aArchivum ;$v35 907 $a.b14006868$b20-09-11$c20-09-11 912 $a991001390119707536 945 $aLE009 Per. St. 82 v. 35$g1$lle009$o-$pE0.00$q-$rn$so $t0$u0$v0$w0$x0$y.i15320716$z20-09-11 996 $aProceedings of the 11th International Congres on Archives : Paris, 22-26 august 1988$9241827 997 $aUNISALENTO 998 $ale009$b20-09-11$cm$da $e-$fmul$gde $h0$i0 LEADER 01406nam 2200433 450 001 9910708480603321 005 20161214131430.0 010 $a0-16-086726-6 035 $a(CKB)2550000001141038 035 $a(MiAaPQ)EBC4856755 035 $a(OCoLC)609222486$z(OCoLC)646426697 035 $a(EXLCZ)992550000001141038 100 $a20170529h20082008 uy 0 101 0 $aeng 135 $aurcnu|||||||| 181 $2rdacontent 182 $2rdamedia 183 $2rdacarrier 200 14$aThe Army command post and defense reshaping 1987-1997 /$fby Mark D. Sherry 210 1$aWashington, District of Columbia :$cCenter of Military History, United States Army,$d2008. 210 4$dİ2008 215 $a1 online resource (240 pages) $cillustrations 225 1 $aCMH pub ;$v40-4-1 300 $a"PIN : 084252 000." 311 $a0-16-079935-X 320 $aIncludes bibliographical references at the end of each chapters. 606 $aArmed Forces$xReorganization$2fast 608 $aHistory.$2fast 615 7$aArmed Forces$xReorganization. 676 $a355.6/867097309049 700 $aSherry$b Mark D.$f1953-$01353763 712 02$aCenter of Military History, 801 0$bMiAaPQ 801 1$bMiAaPQ 801 2$bMiAaPQ 906 $aBOOK 912 $a9910708480603321 996 $aThe Army command post and defense reshaping 1987-1997$93273325 997 $aUNINA